000 00816nam a2200217Ia 4500
003 GCL
008 140319s9999 xx 000 0 ara d
020 _a2325200977
040 _aGCL /
_cGCL
082 0 4 _a616.8526
_bز ا
100 1 _aزينب محمود شقير
245 1 0 _aاحذر اضطرابات الاكل :
_bفقدان الشهية العصبى - الشره العصبى - السمنة المفرطة /
_cزينب محمود شقير
260 _aالقاهرة :
_bمكتبة النهضة المصرية ،
_c2002
300 _a168 ص ؛
_c28 سم
490 _aسلسلة اضطرابات السيكوسوماتية
_v0
650 0 4 _aالبدانة
650 0 4 _aالتغذية - امراض
650 0 4 _aاضطرابات الاكل
650 0 4 _aفقدان الشهية
942 _2ddc
_cBK
999 _c57522
_d57522